000 00557nam a2200205Ia 4500
005 20250508165819.0
008 008 250505s9999 xx 000 0 eng d
020 _a81-87110-41-4
037 _aTextual
040 _aFEDL
_beng
_cFEDL
041 _aeng
_2eng
084 _a891.433, JAI
_qFEDL
100 _aJain Nirmala
245 0 _aDelhi: Shahar dar shahar
260 _aNew Delhi, India
_bRajkamal Prakashan Pvt. Ltd.
_c2009
300 _a188p.
365 _aINR
_b250
942 _cTEXL
_h891.433, JAI
999 _c1397612
_d1397612